000 00610nam a2200229Ia 4500
003 OSt
005 20220924122625.0
006 a|||||r|||| 00| 0
007 ta
008 220923b |||||||| |||| 00| 0 urd d
024 _a268167
037 _cTextual
040 _aARTS
_cARTS
_burd
041 _2urd
_aurd
082 _aO168,1L97x, J4
100 _aSayed Ali Haider
_9190126
245 0 _aDeewan-e- Urdu-e-Ghalib
260 _aLucknow
_bAnwar India
_c1954
650 _aURDU POETRY
942 _hO168,1L97x, J4
_cTEXL
_2CC
999 _c412387
_d412387